02148nam a2200337 u 4500001001900000003000400019005001700023008004100040020002900081020002900110020002900139020002900168020002900197020002900226020002900255040001900284100003300303245006000336246003800396264005100434300002200485504002600507505022700533505015400760505010500914505013401019505020601153505021901359505017101578650006101749991061159590306706OSt20250507121423.0240723s2024 sp r 000 0 spa d a9798882594816qvolumen 1 a9798884116092qvolumen 2 a9798320969480qvolumen 3 a9798322190998qvolumen 4 a9798323863655qvolumen 5 a9798326707147qvolumen 6 a9798327393325qvolumen 7 bcaterdaccdmr1 aSegarra Moreno, Luis.eautor10a100 años de radio en Barcelona /cLuis Segarra Moreno3 aCien años de radio en Barcelona 1bAsociación Cultural Radio Serranía,c2024 a7 volums ;c23 cm aBibliografia. Índex8 aVolumen 1: Ràdio Barcelona, Ràdio Barcelona 2, Sercat, SER Catalunya, Los 40 Principales, Cadena Dial, M80, Radiolé, Máxima FM, Los 40 Classic, Los 40 Urban, Los 40 Dance, Sinfo Radio Antena 3, Ona FM, Radio Trafic8 aVolumen 2: Radio Nacional de España, Radio Clásica, Radio 3, Ràdio 4, Radio 5 Todo Noticias, Radio Peninsular de Barcelona, Radio Europa Nº 28 aVolumen 3: Catalunya Ràdio, Catalunya Cultura, Catalunya Música, Catalunya Informació, iCat FM8 aVolumen 4: Antena 3 Radio, Betevé, Cadena Top, Cadena 100, COM Ràdio, COPE Barcelona, Contrabanda FM, Flaix FM y Ona Catalana8 aVolumen 5: Onda Cero Barcelona, Onda Rambla, RAC 1, RAC 105, Ràdio Associació de Catalunya, Ràdio Avui - Cadena 13, Ràdio Ciutat de Badalona, Radio Club 25, Radio Corazón i altres 62 emisores8 aVolumen 6: Ràdio Cornellà, Radio España de Barcelona, Ràdio Estel, Ràdio Flaixbac, Ràdio Gramenet, Radio Juventud de Barcelona, Ràdio L'Hospitalet, Radio Marca, Radio Minuto i altres 61 emisores més8 aVolumen 7: Radio Miramar, Ràdio Nou Barris, Radio Pica, Ràdio Salut Radio Tele Taxi, Radio 80 Serie Oro, RM Radio, Sants Monjuic Radio i altres 109 emisores més 7aRadiodifusiózBarcelona (Catalunya)xHistòria2lemac